[Event "Kiel Cup U20"]
[Site "Kiel"]
[Date "2012.10.06"]
[Round "6"]
[White "Schneckenburger, Markus"]
[Black "Wanner, Lukas"]
[Result "1-0"]
[WhiteElo "1531"]
[BlackElo "1751"]
[PlyCount "81"]
[EventDate "2012.10.??"]
[EventType "swiss"]
[EventRounds "7"]
[EventCountry "GER"]
[SourceTitle "EXT 2015"]
[Source "ChessBase"]
[SourceDate "2014.11.20"]
[SourceVersion "1"]
[SourceVersionDate "2014.11.20"]
[SourceQuality "1"]

1. e4 c5 2. Nf3 d6 3. d4 cxd4 4. Nxd4 Nf6 5. Nc3 g6 6. Be3 Bg7 7. Be2 0-0 8. Qd2 Nc6 9. Nb3 Be6 10. Bh6 d5 11. Bxg7 Kxg7 12. exd5 Nxd5 13. Nxd5 Qxd5 14. Qc3+ Qe5 15. Qxe5+ Nxe5 16. Nd4 Bc4 17. Bxc4 Nxc4 18. 0-0-0 Rfd8 19. b3 Nb6 20. Rhe1 e6 21. c4 a6 22. Rxe6 Rxd4 23. Rxb6 Rxd1+ 24. Kxd1 Rd8+ 25. Ke2 Rd7 26. c5 Rc7 27. b4 Kh6 28. a3 Kg5 29. Kf3 Kf5 30. Rd6 h5 31. h4 f6 32. Rd5+ Ke6 33. Ke4 Rc6 34. f4 f5+ 35. Kd4 a5 36. b5 Rc7 37. Rd6+ Kf7 38. Kd5 Ke7 39. b6 Rd7 40. Rxd7+ Kxd7 41. a4 1-0

[Event "Kiel Cup U20"]
[Site "Kiel"]
[Date "2012.10.05"]
[Round "4"]
[White "Henschen, Patrick"]
[Black "Schneckenburger, Markus"]
[Result "0-1"]
[WhiteElo "1759"]
[BlackElo "1531"]
[PlyCount "58"]
[EventDate "2012.10.??"]
[EventType "swiss"]
[EventRounds "7"]
[EventCountry "GER"]
[SourceTitle "EXT 2015"]
[Source "ChessBase"]
[SourceDate "2014.11.20"]
[SourceVersion "1"]
[SourceVersionDate "2014.11.20"]
[SourceQuality "1"]

1. d4 d5 2. Nf3 c6 3. c4 e6 4. Nc3 dxc4 5. a4 Bb4 6. Bd2 a5 7. e3 b5 8. axb5 Bxc3 9. Bxc3 cxb5 10. b3 Bb7 11. bxc4 b4 12. Bb2 Nf6 13. Be2 0-0 14. 0-0 Nbd7 15. Nd2 Qc7 16. Qc2 Bc6 17. c5 Rfb8 18. Rfb1 a4 19. Bf3 a3 20. Bc1 Bxf3 21. Nxf3 Qc6 22. Bd2 Ra4 23. Ne1 Ne4 24. Nd3 Nxd2 25. Qxd2 b3 26. h3 b2 27. Nxb2 axb2 28. Rxa4 Qxa4 29. Rxb2 Qa1+ 0-1

[Event "Schleswig Holstein-ch U18 Vormeister"]
[Site "Neumuenster"]
[Date "2011.05.01"]
[Round "9.4"]
[White "Winker, Tobias"]
[Black "Schneckenburger, Markus"]
[Result "1/2-1/2"]
[WhiteElo "1359"]
[BlackElo "1322"]
[PlyCount "114"]
[EventDate "2011.04.25"]
[EventType "swiss"]
[EventRounds "9"]
[EventCountry "GER"]
[SourceTitle "EXT 2022"]
[Source "ChessBase"]
[SourceDate "2021.10.06"]
[SourceVersion "1"]
[SourceVersionDate "2021.10.06"]
[SourceQuality "1"]

1. e4 e5 2. Nf3 Nc6 3. Bc4 Bc5 4. d3 d6 5. Nc3 Nf6 6. Bg5 h6 7. Bh4 g5 8. Nxg5 hxg5 9. Bxg5 Rg8 10. h4 Be6 11. Bb5 a6 12. Ba4 b5 13. Nd5 Bxd5 14. exd5 Nb8 15. Bb3 Nbd7 16. Qf3 Qe7 17. 0-0-0 0-0-0 18. Rhe1 Rg6 19. d4 Bb6 20. dxe5 Nxe5 21. Qf5+ Qd7 22. Qxd7+ Nexd7 23. c4 Ne5 24. cxb5 axb5 25. Bc2 Rxg5 26. hxg5 Nfg4 27. f4 Nc4 28. Bf5+ Kb8 29. Bxg4 Ne3 30. Rxe3 Bxe3+ 31. Kc2 Bxf4 32. Rf1 Bxg5 33. Rxf7 Kb7 34. Be2 Kb6 35. b4 Re8 36. Bf3 Re1 37. g4 Rc1+ 38. Kb2 Rc4 39. a3 Be3 40. Re7 Bd4+ 41. Ka2 Rc2+ 42. Kb1 Rc3 43. Bd1 Rxa3 44. Re4 Be5 45. g5 Rd3 46. Kc2 Rxd5 47. g6 Ba1 48. Rg4 Bg7 49. Bf3 Re5 50. Kd3 c5 51. Kc2 cxb4 52. Rxb4 Kc5 53. Rf4 Rg5 54. Rg4 Rf5 55. Be2 Re5 56. Bd3 b4 57. Rc4+ Kb6 1/2-1/2

[Event "Schleswig Holstein-ch U18 Vormeister"]
[Site "Neumuenster"]
[Date "2011.04.28"]
[Round "5.3"]
[White "Schneckenburger, Markus"]
[Black "Jensen, Malte"]
[Result "1-0"]
[WhiteElo "1322"]
[BlackElo "1447"]
[PlyCount "71"]
[EventDate "2011.04.25"]
[EventType "swiss"]
[EventRounds "9"]
[EventCountry "GER"]
[SourceTitle "EXT 2022"]
[Source "ChessBase"]
[SourceDate "2021.10.06"]
[SourceVersion "1"]
[SourceVersionDate "2021.10.06"]
[SourceQuality "1"]

1. e4 g6 2. d4 d6 3. Nf3 Bg7 4. Nc3 Nd7 5. Bc4 e6 6. 0-0 Ngf6 7. Bg5 h6 8. Bh4 g5 9. Bg3 Nh5 10. Bb3 0-0 11. Ne2 e5 12. c3 Qe7 13. Nd2 Nb6 14. d5 f5 15. h3 f4 16. Bh2 g4 17. hxg4 Bxg4 18. f3 Bd7 19. Qe1 Qg5 20. Rf2 Rf6 21. Nf1 Rg6 22. Kh1 Bb5 23. g4 Nf6 24. Ng1 h5 25. Bd1 hxg4 26. fxg4 Nxg4 27. Rg2 Bd7 28. Nf3 Qh5 29. Nh4 Rh6 30. Nf5 Bxf5 31. exf5 Qxf5 32. Bxg4 Qf6 33. Be6+ Kf8 34. Nd2 Ke7 35. Ne4 Qh4 36. Rxg7+ 1-0

[Event "Schleswig Holstein-ch U16 Vormeister"]
[Site "Neumuenster"]
[Date "2010.04.08"]
[Round "5"]
[White "Ananjew, Alexander"]
[Black "Schneckenburger, Markus"]
[Result "0-1"]
[WhiteElo "1382"]
[BlackElo "1202"]
[PlyCount "36"]
[EventDate "2010.04.05"]
[EventType "swiss"]
[EventRounds "9"]
[EventCountry "GER"]
[SourceTitle "EXT 2023"]
[Source "ChessBase"]
[SourceDate "2022.10.05"]
[SourceVersion "1"]
[SourceVersionDate "2022.10.05"]
[SourceQuality "1"]

1. d4 d5 2. c4 e6 3. Nc3 Bb4 4. e3 Nf6 5. Bd2 0-0 6. Nf3 Nbd7 7. cxd5 exd5 8. a3 Bxc3 9. Bxc3 Ne4 10. Be2 c6 11. 0-0 Re8 12. Rc1 f6 13. Nd2 Nf8 14. Nxe4 Rxe4 15. Bf3 Re8 16. Re1 Bf5 17. Be2 Ne6 18. Bd3 Bxd3 0-1

[Event "Schleswig Holstein-ch U16 Vormeister"]
[Site "Neumuenster"]
[Date "2010.04.06"]
[Round "2"]
[White "Von Karger, Viktor"]
[Black "Schneckenburger, Markus"]
[Result "0-1"]
[WhiteElo "1500"]
[BlackElo "1202"]
[PlyCount "124"]
[EventDate "2010.04.05"]
[EventType "swiss"]
[EventRounds "9"]
[EventCountry "GER"]
[SourceTitle "EXT 2023"]
[Source "ChessBase"]
[SourceDate "2022.10.05"]
[SourceVersion "1"]
[SourceVersionDate "2022.10.05"]
[SourceQuality "1"]

1. d4 d5 2. c4 e6 3. Nc3 Bb4 4. Nf3 Nf6 5. Bg5 Nc6 6. Ne5 h6 7. Nxc6 bxc6 8. Bh4 g5 9. Bg3 Ne4 10. Qc2 f5 11. Be5 Rg8 12. c5 Ba6 13. f3 Nf6 14. e3 Bxf1 15. Kxf1 g4 16. Qa4 Bxc3 17. Qxc6+ Kf7 18. bxc3 Rc8 19. Qb7 gxf3 20. gxf3 Nh5 21. h4 Ng3+ 22. Bxg3 Rxg3 23. Kf2 Rg8 24. Qxa7 Ra8 25. Qb7 Rb8 26. Qa6 Rb2+ 27. Ke1 Rgg2 28. Rd1 Rh2 29. Rxh2 Rxh2 30. Rd2 Qxh4+ 31. Kd1 Rh1+ 32. Kc2 Qe1 33. Qb7 Qc1+ 34. Kd3 Qf1+ 35. Kc2 Kf6 36. Qb2 Qxf3 37. Kb3 Qe4 38. Rc2 Qd3 39. a4 Qc4+ 40. Ka3 h5 41. Rh2 Rxh2 42. Qxh2 Qxc3+ 43. Ka2 Qxe3 44. Qe5+ Qxe5 45. dxe5+ Kxe5 46. a5 h4 47. a6 h3 48. a7 h2 49. a8Q h1Q 50. Qa5 Qg2+ 51. Ka1 Qf1+ 52. Ka2 Qf2+ 53. Ka1 Qd4+ 54. Ka2 Qc4+ 55. Ka1 Kd4 56. Qxc7 Qxc5 57. Qf4+ Kc3 58. Qc1+ Kb4 59. Qb1+ Ka5 60. Qe1+ Qb4 61. Qxe6 Qa4+ 62. Kb1 Qe4+ 0-1

[Event "Schleswig Holstein-ch U14 VM"]
[Site "Neumuenster"]
[Date "2008.03.26"]
[Round "4"]
[White "Ananjew, Alexander"]
[Black "Schneckenburger, Markus"]
[Result "1-0"]
[WhiteElo "819"]
[BlackElo "1071"]
[PlyCount "85"]
[EventDate "2008.03.24"]
[EventType "swiss"]
[EventRounds "9"]
[EventCountry "GER"]
[SourceTitle "EXT 2009"]
[Source "ChessBase"]
[SourceDate "2008.11.26"]
[SourceVersion "1"]
[SourceVersionDate "2008.11.26"]
[SourceQuality "1"]

1. c4 e5 2. Nc3 Nf6 3. g3 Bc5 4. Bg2 Nc6 5. d3 d6 6. a3 h6 7. Nf3 Bg4 8. 0-0 a6 9. b4 Ba7 10. Bb2 0-0 11. b5 axb5 12. Nxb5 Bc5 13. Qc2 Bxf3 14. Bxf3 Bd4 15. Bxc6 Bxb2 16. Bxb7 Rb8 17. Qxb2 Rxb7 18. Qc2 c6 19. Nc3 d5 20. Qa2 Rc7 21. cxd5 cxd5 22. Rfc1 d4 23. Nb5 Rxc1+ 24. Rxc1 Qd7 25. a4 Ra8 26. Qc4 g5 27. Qc5 Qh3 28. Qc6 Rxa4 29. Qxf6 Ra5 30. Nd6 Ra7 31. Rc8+ Qxc8 32. Nxc8 Rd7 33. Qxh6 e4 34. Qxg5+ Kf8 35. Qh6+ Kg8 36. Qg5+ Kf8 37. dxe4 d3 38. exd3 Rxd3 39. Qe7+ Kg8 40. Qg5+ Kf8 41. Qd5 Rxd5 42. exd5 Ke8 43. h4 1-0

[Event "Schleswig Holstein-ch U14 VM"]
[Site "Neumuenster"]
[Date "2008.03.25"]
[Round "2"]
[White "Yagibol, Yasar"]
[Black "Schneckenburger, Markus"]
[Result "1/2-1/2"]
[WhiteElo "810"]
[BlackElo "1071"]
[PlyCount "76"]
[EventDate "2008.03.24"]
[EventType "swiss"]
[EventRounds "9"]
[EventCountry "GER"]
[SourceTitle "EXT 2009"]
[Source "ChessBase"]
[SourceDate "2008.11.26"]
[SourceVersion "1"]
[SourceVersionDate "2008.11.26"]
[SourceQuality "1"]

1. e4 e5 2. Nf3 Nc6 3. Bc4 Bc5 4. d3 Nf6 5. Bg5 d6 6. h3 h6 7. Bh4 0-0 8. Nc3 Be6 9. 0-0 Qe7 10. Nd5 Bxd5 11. exd5 Nd4 12. Nxd4 Bxd4 13. c3 Bb6 14. d4 exd4 15. Re1 Qd8 16. Qf3 dxc3 17. bxc3 a5 18. Qf5 Qc8 19. Qxc8 Raxc8 20. Bxf6 gxf6 21. Re4 c6 22. Rc1 cxd5 23. Bxd5 Rc7 24. Rf4 Kg7 25. Rg4+ Kh7 26. Be4+ Kh8 27. Rb1 Ba7 28. Rxb7 Rxb7 29. Bxb7 Re8 30. Kf1 Re5 31. Rc4 Bc5 32. Rf4 Kg7 33. Rg4+ Kh8 34. c4 Bb4 35. g3 Re1+ 36. Kg2 Re2 37. Bd5 Re7 38. Rf4 Bc3 1/2-1/2

[Event "Schleswig Holstein-ch U14 VM"]
[Site "Neumuenster"]
[Date "2008.03.24"]
[Round "1"]
[White "Schneckenburger, Markus"]
[Black "Ari, Serkan"]
[Result "1-0"]
[WhiteElo "1071"]
[BlackElo "771"]
[PlyCount "27"]
[EventDate "2008.03.24"]
[EventType "swiss"]
[EventRounds "9"]
[EventCountry "GER"]
[SourceTitle "EXT 2009"]
[Source "ChessBase"]
[SourceDate "2008.11.26"]
[SourceVersion "1"]
[SourceVersionDate "2008.11.26"]
[SourceQuality "1"]

1. e4 e5 2. Nf3 Nc6 3. Bc4 Bc5 4. c3 Nf6 5. d4 exd4 6. cxd4 Bb4+ 7. Nc3 Nxe4 8. 0-0 Nxc3 9. bxc3 Bxc3 10. Ba3 Bxa1 11. Re1+ Ne7 12. Rxe7+ Kf8 13. Rxf7+ Kg8 14. Rxd7# 1-0

[Event "GER North-chT U16"]
[Site "Magdeburg"]
[Date "2006.08.27"]
[Round "3.3"]
[White "Hinrichs, Jan"]
[Black "Schneckenburger, Markus"]
[Result "0-1"]
[WhiteElo "748"]
[BlackElo "828"]
[PlyCount "32"]
[EventDate "2006.08.26"]
[EventType "team"]
[EventRounds "7"]
[EventCountry "GER"]
[SourceTitle "EXT 2007"]
[Source "ChessBase"]
[SourceDate "2006.11.23"]
[SourceVersion "1"]
[SourceVersionDate "2006.11.23"]
[SourceQuality "1"]

1. e4 e5 2. Nf3 Nc6 3. Bc4 Bc5 4. 0-0 Nf6 5. d3 0-0 6. Nc3 d6 7. Bg5 Bg4 8. Nd5 Re8 9. Nxf6+ gxf6 10. Bh6 Kh8 11. Bxf7 Re7 12. Bc4 Nd4 13. Bd5 Nxf3+ 14. gxf3 Bh3 15. Bxb7 Qg8+ 16. Bg5 Qxg5+ 0-1